| 000 | 00368 a2200169 4500 | ||
|---|---|---|---|
| 001 | 185047 | ||
| 020 | _a85-322-0592-5 | ||
| 040 | _cMagnum | ||
| 100 | _aRocha, Ruth | ||
| 240 | 1 | 0 |
_aO piquenique do catapimba _lpor |
| 245 | 1 | 0 | _aO piquenique do catapimba |
| 300 | _a24 | ||
| 362 | 0 | _a1999 | |
| 440 | 1 | _aFTD | |
| 697 | _aLITERATURA INFANTO-JUVENIL | ||
| 942 | _cBK | ||
| 999 |
_c185047 _d185047 |
||